Does this U.S. city exist? - Statistics

General Stats
  • This quiz has been taken 15 times
  • The average score is 12 of 20
Answer Stats
Question Answer % Correct
London, Ohio Yes
100%
Iowa City, Iowa Yes
87%
Saywhat, Wyoming No
80%
Pigeon Forge, Tennessee Yes
80%
Terre Haute, Indiana Yes
80%
McComb, Mississippi Yes
73%
Grassy Butte, North Dakota Yes
73%
Jacksonville, North Carolina Yes
67%
Hope Hull, Alabama Yes
67%
Cairo, Georgia Yes
60%
Drakeville, Nevada No
53%
Oleensville, New York No
53%
Iraan, Texas Yes
53%
The Forks, California Yes
53%
Klamming, Michigan No
47%
Zealand, Nebraska No
47%
Montevideo, Minnesota Yes
47%
Desmond, Montana No
40%
Electric City, Washington Yes
40%
Rigby, Colorado No
20%
No matching quizzes found
Score Distribution
Percent of People with Each Score
Percentile by Number Answered
Your Score History
You have not taken this quiz